| 000 | 01119naa a2200289 c 4500 | ||
|---|---|---|---|
| 001 | 37013 | ||
| 003 | ES-MaCES | ||
| 005 | 20060904130400.0 | ||
| 008 | 060904n2006 sp t 000 | spa d | ||
| 035 | _aCES20060012878v | ||
| 040 |
_aES-MaCES _bspa _cES-MaCES |
||
| 100 | 1 |
_aFernández-Figueroa Guerrero, Fernando _911857 |
|
| 245 | 1 | 3 |
_aEl poder en el urbanismo _b: Los conflictos permanentes de las comunidades autónomas, los municipios y los particulares _cFernando Fernández-Figueroa Guerrero |
| 650 | 4 |
_aEspaña _926964 |
|
| 650 | 4 |
_alegislación _927153 |
|
| 650 | 4 |
_agobierno local _927219 |
|
| 650 | 4 |
_aComunidades Autónomas _930768 |
|
| 650 | 4 |
_aEstado _927203 |
|
| 650 | 4 |
_aconflicto de competencias _929787 |
|
| 650 | 4 |
_aplanificación urbana _928620 |
|
| 650 | 4 |
_aurbanización _928625 |
|
| 653 | 1 | 0 | _aVivienda-Construcción-Urbanismo |
| 773 | 0 |
_tRevista de Derecho Urbanístico y Medio Ambiente _gaño 40, n. 226 (jun. 2006){10603 R. 065078}; p. 77-105 _w(ES-MaCES)25608 _965566 |
|
| 902 | _aART Artículo de revista | ||
| 942 |
_2CES _cAR _h5.2. |
||
| 999 |
_c37013 _d37013 |
||